Populace a vývoj lidstva se zvláštním zřetelem na podvýživu a nemoce v rozvojových zemích
V r. 1994 sa konala v Káhire Medzinárodná konferencia o populácii a rozvoji (ICPD 94), zaoberajúca sa mimoriadne závažnými globálnymi problémami vývoja a stavu ľudskej populácie. Populačné trendy. Trendy zdravia. Podvýživa. Sociálno-zdravotné problémy.
Saved in:
| Main Author: | |
|---|---|
| Format: | Book Chapter |
| Language: | Czech |
| Subjects: | |
| Tags: |
No Tags, Be the first to tag this record!
|
MARC
| LEADER | 00000naa a2200000 4500 | ||
|---|---|---|---|
| 001 | r023992 | ||
| 005 | 20221205091532.8 | ||
| 041 | 0 | |a cze | |
| 044 | |a CZ | ||
| 245 | 1 | 0 | |a Populace a vývoj lidstva se zvláštním zřetelem na podvýživu a nemoce v rozvojových zemích |c Vladimír Jeníček |
| 520 | |a V r. 1994 sa konala v Káhire Medzinárodná konferencia o populácii a rozvoji (ICPD 94), zaoberajúca sa mimoriadne závažnými globálnymi problémami vývoja a stavu ľudskej populácie. Populačné trendy. Trendy zdravia. Podvýživa. Sociálno-zdravotné problémy. | ||
| 610 | 2 | 0 | |a konferencie |
| 610 | 2 | 0 | |a Káhira |
| 610 | 2 | 0 | |a 1994 |
| 610 | 2 | 0 | |a problémy globálne |
| 610 | 2 | 0 | |a vývoj populačný |
| 610 | 2 | 0 | |a zdravie |
| 610 | 2 | 0 | |a výživa |
| 610 | 2 | 0 | |a populácia |
| 610 | 2 | 0 | |a svet |
| 100 | 1 | |a Jeníček, Vladimír | |